000
00323nam a22001337a 4500
003
OSt
005
20231128161115.0
008
231128b |||||||| |||| 00| 0 eng d
040
_c
CO-JMCR
082
_a
N /
_b
CRUa
100
_a
Cruz Madrid, ELizabeth,
_9
43004
245
_a
Adiós a los cuentos de hadas /
942
_2
ddc
_c
BK
999
_c
30425
_d
16809